000 00962nam a22002177a 4500
999 _c22
_d22
003 AR-CdUCM
008 190220b ||||| |||| 00| 0 spa d
040 _aMUNICIPALIDAD PROVINCIAL DEL CUSCO
_cBIBLIOTECA MUNICIPAL DEL CUSCO
082 _a940.22 /
_bF31
100 _aLucien, Febvre
_9120
245 _aErasmo, la contrarreforma y el espíritu moderno /
260 _aEspaña :
_bEdiciones Martínez Roca, S.A.,
_c1970.
300 _a259 paginas ;
_c20 cm.
505 _aContenido: Erasmo y su época -- Erasmo y Maquiavelo -- Constantes en la historia religiosa del modernismo de Loisy al erasmismo -- El barrio Latino a finales del siglo XV :la educacion parisina de los Amerbach -- La devoción en Francia en el siglo XVII -- Los orígenes del espíritu moderno ...
650 _aEspíritu moderno
_9121
650 _aReforma francesa
_9122
650 _aContrarreforma
_9123
650 _aCivilización moderna
_9124
942 _2ddc
_cLIBROS
945 _arum